[Event "Avoine op 33rd"]
[Site "Avoine"]
[Date "2018.07.22"]
[Round "2"]
[White "Imperor, Amelie"]
[Black "Eugene, Floryan"]
[Result "0-1"]
[WhiteElo "1912"]
[BlackElo "2332"]
[PlyCount "100"]
[EventDate "2018.07.21"]
[EventType "swiss"]
[EventRounds "9"]
[EventCountry "FRA"]
[SourceTitle "CBM 185 Extra"]
[Source "ChessBase"]
[SourceDate "2018.07.29"]
[SourceVersion "1"]
[SourceVersionDate "2018.07.29"]
[SourceQuality "1"]

1. e4 e5 2. Nf3 Nc6 3. Nc3 Nf6 4. Bb5 Bb4 5. 0-0 0-0 6. d3 Bxc3 7. bxc3 d6 8. Bg5 Qe7 9. Re1 Nd8 10. d4 Ne6 11. Bc1 Rd8 12. a4 c5 13. g3 b6 14. d5 Nf8 15. Nd2 Bd7 16. Qe2 Ne8 17. Nc4 Nc7 18. Ne3 Bxb5 19. axb5 Qd7 20. c4 Ng6 21. Qh5 Ne7 22. f4 f6 23. f5 Qe8 24. Qh4 Qf7 25. Ng4 h5 26. Nf2 Kf8 27. Re3 Ke8 28. Rea3 Nc8 29. g4 hxg4 30. Nxg4 Kd7 31. Qh7 Ne7 32. Qh3 Rh8 33. Qg2 Nc8 34. Rg3 Ne8 35. Ra6 Kc7 36. Kf2 Kb7 37. Ke2 Nc7 38. Ra2 Ne7 39. Rh3 Rh5 40. Kd1 Rxh3 41. Qxh3 g6 42. Nh6 Qg7 43. fxg6 Rh8 44. Qd7 Qxg6 45. Qxe7 Rh7 46. Qxh7 Qxh7 47. Nf5 Qh5+ 48. Ke1 Ne8 49. Ra3 Qxh2 50. Re3 Qxc2 0-1

[Event "Gilbert Cup"]
[Site "Cardiff"]
[Date "2017.07.26"]
[Round "5.5"]
[White "Fraser, Susanna"]
[Black "Imperor, Amelie"]
[Result "0-1"]
[WhiteElo "1475"]
[BlackElo "1819"]
[PlyCount "94"]
[EventDate "2017.07.24"]
[EventType "team-tourn"]
[EventRounds "5"]
[EventCountry "WLS"]
[SourceTitle "CBM 179 Extra"]
[Source "ChessBase"]
[SourceDate "2017.08.23"]
[SourceVersion "1"]
[SourceVersionDate "2017.08.23"]
[SourceQuality "1"]
[WhiteTeam "Wales (W)"]
[BlackTeam "France (W)"]
[WhiteTeamCountry "WLS"]
[BlackTeamCountry "FRA"]

1. d4 Nf6 2. c4 c5 3. d5 e6 4. Nc3 exd5 5. cxd5 d6 6. e4 g6 7. Nf3 Bg7 8. Be2 0-0 9. 0-0 Re8 10. Bd3 Bg4 11. h3 Bxf3 12. Qxf3 a6 13. Bf4 b5 14. a3 Ra7 15. Rfe1 Nh5 16. Bh2 Bd4 17. Rac1 Rae7 18. Re2 Qb6 19. b4 c4 20. Bb1 Nd7 21. Ree1 f5 22. Kf1 fxe4 23. Rxe4 Rxe4 24. Nxe4 Rf8 25. Qe2 Ne5 26. Kg1 Nf6 27. Ng5 Nxd5 28. Ne4 Nf6 29. Nd2 Nfg4 30. Ne4 Nxf2 31. Bxe5 dxe5 32. Kh2 Nxe4 33. Qxe4 Qf6 34. Kh1 Qf4 35. Qd5+ Kh8 36. Rd1 Qf2 37. Qd6 c3 38. Bc2 Kg7 39. Bb3 c2 40. Rc1 Qf4 41. Qc7+ Kh6 42. Qxc2 e4 43. Re1 Be5 44. Qc1 e3 45. g3 Qf3+ 46. Kh2 Qxg3+ 47. Kh1 Qh2# 0-1

[Event "EU-ch U16 Girls 26th"]
[Site "Prague"]
[Date "2016.08.26"]
[Round "8"]
[White "Olde, Margareth"]
[Black "Imperor, Amelie"]
[Result "1-0"]
[WhiteElo "2059"]
[BlackElo "1874"]
[PlyCount "127"]
[EventDate "2016.08.18"]
[EventType "swiss"]
[EventRounds "9"]
[EventCountry "CZE"]
[SourceTitle "CBM 174 Extra"]
[Source "ChessBase"]
[SourceDate "2016.10.10"]
[SourceVersion "1"]
[SourceVersionDate "2016.10.10"]
[SourceQuality "1"]

1. c4 e5 2. Nc3 Nc6 3. g3 g6 4. Bg2 Bg7 5. Nf3 Nf6 6. d3 0-0 7. 0-0 d6 8. Rb1 a5 9. a3 h6 10. b4 axb4 11. axb4 Be6 12. b5 Ne7 13. Bb2 Qd7 14. Re1 Bh3 15. Bh1 Ng4 16. e3 f5 17. Ne2 g5 18. Bg2 Bxg2 19. Kxg2 e4 20. Nfg1 Bxb2 21. Rxb2 Ra3 22. Nc1 Ng6 23. h3 N4e5 24. dxe4 Nxc4 25. Qd5+ Qf7 26. Rc2 Qxd5 27. exd5 Nge5 28. Nf3 Rf7 29. Ne2 Nxf3 30. Kxf3 Ne5+ 31. Kg2 Rd3 32. Nd4 f4 33. Rec1 fxe3 34. fxe3 g4 35. h4 Nf3 36. Rxc7 Rd2+ 37. Kf1 Nxd4+ 38. Rxf7 Kxf7 39. exd4 Rxd4 40. Rc7+ Ke8 41. Rxb7 Rxd5 42. Ke2 Kd8 43. b6 Kc8 44. Rc7+ Kb8 45. Rg7 Re5+ 46. Kf2 h5 47. Rg6 Rd5 48. Rg5 Re5 49. Rg6 Rd5 50. Ke3 Kb7 51. Ke4 Rd1 52. Rh6 Rg1 53. Kf4 Rf1+ 54. Kg5 Rf3 55. Kxh5 Rxg3 56. Rxd6 Rg1 57. Kh6 Rb1 58. Rd3 Kxb6 59. Kg6 Kc7 60. h5 Rg1 61. h6 g3 62. h7 Rh1 63. Rxg3 Kd7 64. Kg7 1-0

[Event "EU-ch U16 Girls 26th"]
[Site "Prague"]
[Date "2016.08.20"]
[Round "3"]
[White "Condes, Alexie Sheen"]
[Black "Imperor, Amelie"]
[Result "0-1"]
[WhiteElo "1469"]
[BlackElo "1874"]
[PlyCount "168"]
[EventDate "2016.08.18"]
[EventType "swiss"]
[EventRounds "9"]
[EventCountry "CZE"]
[SourceTitle "CBM 174 Extra"]
[Source "ChessBase"]
[SourceDate "2016.10.10"]
[SourceVersion "1"]
[SourceVersionDate "2016.10.10"]
[SourceQuality "1"]

1. e4 c5 2. Nf3 e6 3. c3 Nf6 4. e5 Nd5 5. d4 cxd4 6. Nxd4 Qc7 7. f4 a6 8. Na3 Bxa3 9. c4 Bb4+ 10. Kf2 Ne7 11. a3 Bc5 12. b4 Bxd4+ 13. Qxd4 Nf5 14. Qe4 0-0 15. g4 Ne7 16. Bd3 g6 17. Bb2 b5 18. Qd4 Nbc6 19. Qc5 bxc4 20. Bxc4 f5 21. g5 Bb7 22. h4 Rac8 23. Rh2 Rf7 24. Rd1 Na5 25. Qxc7 Rxc7 26. bxa5 Rxc4 27. Kg3 Nd5 28. Rd4 Ne3 29. Re2 Rc2 30. Rxc2 Nxc2 31. Rc4 Be4 32. Kf2 Rf8 33. Rc7 Rb8 34. Bc3 Rb3 35. Bb4 Nxb4 36. axb4 Bc6 37. Rc8+ Kg7 38. Rb8 Bb5 39. Re8 Rxb4 40. Re7+ Kf8 41. Rxh7 Rxf4+ 42. Kg3 Rg4+ 43. Kh2 Kg8 44. Re7 Rxh4+ 45. Kg3 Rg4+ 46. Kh3 Rxg5 47. Re8+ Kh7 48. Re7+ Kh6 49. Kh4 Rh5+ 50. Kg3 Kg5 51. Re8 f4+ 52. Kf3 Bc6+ 53. Kf2 Kg4 54. Rg8 g5 55. Rb8 Rh2+ 56. Kg1 Kg3 57. Rb3+ Bf3 58. Rxf3+ Kxf3 59. Kxh2 Ke2 60. Kg1 f3 61. Kh2 f2 62. Kh1 f1R+ 63. Kh2 Rf5 64. Kh3 Rxe5 65. Kh2 Rxa5 66. Kh3 d5 67. Kg3 Ke3 68. Kg4 d4 69. Kg3 d3 70. Kg2 Ke2 71. Kg3 d2 72. Kg2 d1R 73. Kg3 Rf5 74. Kg2 a5 75. Kg3 a4 76. Kg2 a3 77. Kg3 a2 78. Kg4 a1R 79. Kg3 Rd4 80. Kg2 Kd3 81. Kg3 Kc4 82. Kh3 Ra3+ 83. Kg2 Rd2+ 84. Kg1 Ra1# 0-1

[Event "Sables d'Olonne op 3rd"]
[Site "Sables d'Olonne"]
[Date "2016.07.19"]
[Round "5"]
[White "Bailet, Pierre"]
[Black "Imperor, Amelie"]
[Result "1-0"]
[WhiteElo "2500"]
[BlackElo "1866"]
[PlyCount "59"]
[EventDate "2016.07.16"]
[EventType "swiss"]
[EventRounds "9"]
[EventCountry "FRA"]
[SourceTitle "CBM 173 Extra"]
[Source "ChessBase"]
[SourceDate "2016.08.29"]
[SourceVersion "1"]
[SourceVersionDate "2016.08.29"]
[SourceQuality "1"]

1. Nf3 Nf6 2. c4 e6 3. g3 b6 4. d4 Bb7 5. Bg2 Be7 6. 0-0 0-0 7. Re1 c5 8. d5 exd5 9. Nh4 Ne4 10. cxd5 Nd6 11. Bf4 Re8 12. e4 Bxh4 13. Bxd6 Be7 14. Bxe7 Rxe7 15. e5 d6 16. f4 Na6 17. Nc3 Qd7 18. Qd2 Rae8 19. Rad1 dxe5 20. d6 Re6 21. Bxb7 Qxb7 22. f5 Rh6 23. Rxe5 Qd7 24. Rxe8+ Qxe8 25. d7 Qd8 26. Re1 Nc7 27. Nb5 Ne6 28. fxe6 fxe6 29. Nxa7 e5 30. Rxe5 1-0

[Event "FRA-ch U16 Girls"]
[Site "Gonfreville"]
[Date "2016.??.??"]
[Round "4"]
[White "Imperor, Amelie"]
[Black "Broly, Mathilde"]
[Result "0-1"]
[WhiteElo "1714"]
[BlackElo "2014"]
[PlyCount "82"]
[EventDate "2016.04.22"]
[EventType "swiss"]
[EventRounds "9"]
[EventCountry "FRA"]
[SourceTitle "EXT 2019"]
[Source "ChessBase"]
[SourceDate "2018.10.10"]
[SourceVersion "1"]
[SourceVersionDate "2018.10.10"]
[SourceQuality "1"]

1. e4 c5 2. Nc3 d6 3. g3 g6 4. Bg2 Bg7 5. d3 Nc6 6. Be3 Nf6 7. h3 0-0 8. Qd2 Nd4 9. Nd1 e5 10. c3 Ne6 11. Ne2 d5 12. exd5 Nxd5 13. 0-0 Qd6 14. f4 Rd8 15. fxe5 Bxe5 16. Nf2 f5 17. Bxd5 Qxd5 18. Nf4 Qd6 19. Nxe6 Bxe6 20. Bf4 Bxf4 21. Qxf4 Qxf4 22. gxf4 Rd7 23. Rfe1 Kf7 24. Re5 b6 25. a4 a5 26. c4 Kf6 27. h4 Rd4 28. Rae1 Bf7 29. Nh3 h6 30. R1e3 Rad8 31. Kf2 Rxc4 32. dxc4 Rd4 33. b3 Be6 34. Re2 Bd7 35. R2e3 Rd6 36. R5e4 fxe4 37. Ng1 Kf5 38. Ne2 Bc6 39. Ng3+ Kxf4 40. Ne2+ Kg4 41. Kg2 Rd3 0-1

[Event "FRA-ch U14 Girls"]
[Site "Pau"]
[Date "2015.04.30"]
[Round "6"]
[White "Vigna, Liza"]
[Black "Imperor, Amelie"]
[Result "0-1"]
[WhiteElo "1608"]
[BlackElo "1782"]
[PlyCount "112"]
[EventDate "2015.04.26"]
[EventType "swiss"]
[EventRounds "9"]
[EventCountry "FRA"]
[SourceTitle "CBM 166 Extra"]
[Source "ChessBase"]
[SourceDate "2015.06.18"]
[SourceVersion "1"]
[SourceVersionDate "2015.06.18"]
[SourceQuality "1"]

1. e4 d5 2. exd5 Nf6 3. d4 Nxd5 4. c4 Nb6 5. Nf3 g6 6. Nc3 Bg7 7. c5 Nd5 8. Bc4 Nxc3 9. bxc3 0-0 10. 0-0 Nc6 11. Re1 Bg4 12. Bg5 h6 13. Bh4 g5 14. Bg3 e5 15. d5 Na5 16. Bd3 f5 17. Bxe5 Qxd5 18. Bxg7 Kxg7 19. c4 Qxc5 20. Qe2 Bxf3 21. Qxf3 Rae8 22. Be2 b6 23. Rad1 Qc6 24. Qc3+ Qf6 25. Rd7+ Kg8 26. Qf3 Re7 27. Qd5+ Kh8 28. Rd8 Rxd8 29. Qxd8+ Kh7 30. Bf1 Nc6 31. Rxe7+ Qxe7 32. Qd5 Ne5 33. Qb7 Qd6 34. Qxa7 Ng4 35. g3 Qc5 36. Kh1 Nxf2+ 37. Kg2 g4 38. Qa4 Qd4 39. Qc2 Qe4+ 40. Qxe4 Nxe4 41. Bd3 Kg6 42. Kf1 Kf6 43. Ke1 Ke5 44. a3 Kd4 45. Ke2 Nd6 46. a4 c5 47. Bc2 Kxc4 48. Ke3 Kc3 49. Bd1 c4 50. Ke2 Kb2 51. Ke3 c3 52. Kd3 Ne4 53. Kc4 c2 54. Bxc2 Kxc2 55. Kb4 Nd6 56. Ka3 Kc3 0-1

[Event "FRA-ch U14 Girls"]
[Site "Pau"]
[Date "2015.04.28"]
[Round "4"]
[White "Barbe Asensio, Cyrielle"]
[Black "Imperor, Amelie"]
[Result "0-1"]
[WhiteElo "1550"]
[BlackElo "1782"]
[PlyCount "72"]
[EventDate "2015.04.26"]
[EventType "swiss"]
[EventRounds "9"]
[EventCountry "FRA"]
[SourceTitle "CBM 166 Extra"]
[Source "ChessBase"]
[SourceDate "2015.06.18"]
[SourceVersion "1"]
[SourceVersionDate "2015.06.18"]
[SourceQuality "1"]

1. d4 Nf6 2. Nf3 c5 3. d5 e6 4. dxe6 fxe6 5. Bg5 Be7 6. e3 0-0 7. c4 Ne4 8. Bxe7 Qxe7 9. Qc2 d5 10. Bd3 Nf6 11. Nbd2 Nc6 12. a3 b6 13. Rd1 Bb7 14. 0-0 g6 15. h3 Rad8 16. Be2 d4 17. exd4 cxd4 18. Nb3 e5 19. Qc1 a5 20. Nh2 e4 21. Rfe1 a4 22. Na1 Qd6 23. Bf1 d3 24. Re3 Ne7 25. Rg3 Nf5 26. Rg5 Kg7 27. Rxf5 gxf5 28. Qg5+ Kh8 29. Qxf5 Qd4 30. Qb5 Nd5 31. cxd5 Rxd5 32. Qb4 Qxf2+ 33. Kh1 Rg5 34. Qc3+ Kg8 35. Qd2 Qxd2 36. Rxd2 e3 0-1

[Event "FRA-ch U14 Girls"]
[Site "Montbeliard"]
[Date "2014.04.26"]
[Round "8"]
[White "Imperor, Amelie"]
[Black "Broly, Mathilde"]
[Result "0-1"]
[WhiteElo "1531"]
[BlackElo "1783"]
[PlyCount "34"]
[EventDate "2014.04.21"]
[EventType "swiss"]
[EventRounds "9"]
[EventCountry "FRA"]
[SourceTitle "CBM 160 Extra"]
[Source "ChessBase"]
[SourceDate "2014.07.01"]
[SourceVersion "1"]
[SourceVersionDate "2014.07.01"]
[SourceQuality "1"]

1. e4 e5 2. Bc4 Nf6 3. Nc3 Nc6 4. d3 Bc5 5. f4 d6 6. Nf3 a6 7. Qe2 Bg4 8. f5 Nd4 9. Qd1 Nh5 10. Nd5 b5 11. Bb3 c6 12. Ne3 Nxf3+ 13. gxf3 Qh4+ 14. Ke2 Nf4+ 15. Kd2 Qf2+ 16. Kc3 Ne2+ 17. Kd2 Bxe3# 0-1

[Event "FRA-ch U14 Girls"]
[Site "Montbeliard"]
[Date "2014.04.24"]
[Round "6"]
[White "Deportes, Anouk"]
[Black "Imperor, Amelie"]
[Result "0-1"]
[WhiteElo "1507"]
[BlackElo "1531"]
[PlyCount "64"]
[EventDate "2014.04.21"]
[EventType "swiss"]
[EventRounds "9"]
[EventCountry "FRA"]
[SourceTitle "CBM 160 Extra"]
[Source "ChessBase"]
[SourceDate "2014.07.01"]
[SourceVersion "1"]
[SourceVersionDate "2014.07.01"]
[SourceQuality "1"]

1. e4 d5 2. exd5 Nf6 3. d4 Nxd5 4. c4 Nb6 5. Nf3 g6 6. Nc3 Bg7 7. Be3 0-0 8. Be2 Nc6 9. 0-0 Bg4 10. h3 Bxf3 11. Bxf3 Nxc4 12. Bxc6 bxc6 13. b3 Nb6 14. Rc1 Nd5 15. Ne4 f5 16. Nc5 Qc8 17. Rc4 f4 18. Bc1 f3 19. Qe1 fxg2 20. Kxg2 e5 21. dxe5 Qf5 22. Qe4 Bxe5 23. Nd7 Qxd7 24. Qxe5 Rae8 25. Qd4 Re2 26. a4 Qf7 27. Bb2 Qf3+ 28. Kg1 Rxb2 29. Qxb2 Ne3 30. Rg4 Nxg4 31. hxg4 Qxg4+ 32. Kh1 Rf3 0-1

[Event "Wch U12 Girls"]
[Site "Al Ain"]
[Date "2013.12.21"]
[Round "5"]
[White "Imperor, Amelie"]
[Black "Aseel, Odeh"]
[Result "1-0"]
[WhiteElo "1501"]
[BlackElo "1680"]
[PlyCount "53"]
[EventDate "2013.12.18"]
[EventType "swiss"]
[EventRounds "11"]
[EventCountry "UAE"]
[SourceTitle "CBM 158 Extra"]
[Source "ChessBase"]
[SourceDate "2014.02.28"]
[SourceVersion "1"]
[SourceVersionDate "2014.02.28"]
[SourceQuality "1"]

1. e4 e5 2. Bc4 Nc6 3. Nc3 g6 4. d3 Bg7 5. f4 d6 6. Nf3 Nf6 7. 0-0 Bg4 8. Be3 0-0 9. Qd2 Qe7 10. Ng5 Na5 11. Nd5 Nxd5 12. Bxd5 Nc6 13. f5 gxf5 14. exf5 Kh8 15. h3 f6 16. Nxh7 Kxh7 17. hxg4 Nd8 18. Kf2 Nf7 19. Rh1+ Kg8 20. Bh6 c6 21. Be6 Rfe8 22. Rh3 Qf8 23. Rah1 Rxe6 24. Bxg7 Qxg7 25. fxe6 Rf8 26. exf7+ Kxf7 27. Rh7 1-0

[Event "FRA-ch U12 Girls"]
[Site "Saint Paul Trois Chateaux"]
[Date "2013.05.04"]
[Round "7"]
[White "Imperor, Amelie"]
[Black "Bellahcene, Meriem"]
[Result "1/2-1/2"]
[WhiteElo "1474"]
[BlackElo "1512"]
[PlyCount "29"]
[EventDate "2013.04.28"]
[EventType "swiss"]
[EventRounds "9"]
[EventCountry "FRA"]
[SourceTitle "CBM 154 Extra"]
[Source "ChessBase"]
[SourceDate "2013.06.25"]
[SourceVersion "2"]
[SourceVersionDate "2013.06.25"]
[SourceQuality "1"]

1. e4 e5 2. f4 exf4 3. Nf3 g5 4. h4 g4 5. Ne5 Nf6 6. Nxg4 Nxe4 7. d3 Ng3 8. Bxf4 Qe7+ 9. Be2 Nxh1 10. Bg5 Qe6 11. Nf6+ Ke7 12. Ne4+ Ke8 13. Nf6+ Ke7 14. Ne4+ Ke8 15. Nf6+ 1/2-1/2

[Event "FRA-ch op-D"]
[Site "Caen"]
[Date "2011.08.17"]
[Round "2"]
[White "Imperor, Amelie"]
[Black "Buyukyalcin Moussa, Kadir"]
[Result "0-1"]
[WhiteElo "1389"]
[BlackElo "1490"]
[PlyCount "35"]
[EventDate "2011.08.16"]
[EventType "swiss"]
[EventRounds "9"]
[EventCountry "FRA"]
[SourceTitle "EXT 2012"]
[Source "ChessBase"]
[SourceDate "2011.11.24"]
[SourceVersion "1"]
[SourceVersionDate "2011.11.24"]
[SourceQuality "1"]

1. e4 e6 2. d4 d5 3. exd5 exd5 4. Bd3 Bd6 5. Nf3 Nf6 6. 0-0 0-0 7. Bg5 Bg4 8. h3 Bh5 9. Nc3 c6 10. a3 Nbd7 11. Re1 Qb6 12. Be3 c5 13. Bb5 Bxf3 14. Qxf3 cxd4 15. Bxd7 dxe3 16. Bf5 exf2+ 17. Qxf2 Bc5 18. Nxd5 0-1